Applied Thermodynamics (Record no. 3615)
[ view plain ]
| 000 -LEADER | |
|---|---|
| fixed length control field | 00335nam a2200145Ia 4500 |
| 003 - CONTROL NUMBER IDENTIFIER | |
| control field | OSt |
| 008 - FIXED-LENGTH DATA ELEMENTS--GENERAL INFORMATION | |
| fixed length control field | 201107b ||||| |||| 00| 0 eng d |
| 082 ## - DEWEY DECIMAL CLASSIFICATION NUMBER | |
| Classification number | 621.4021 |
| 100 ## - MAIN ENTRY--PERSONAL NAME | |
| Personal name | Yadav, R. |
| 245 ## - TITLE STATEMENT | |
| Title | Applied Thermodynamics |
| 250 ## - EDITION STATEMENT | |
| Edition statement | Rep. |
| 260 ## - PUBLICATION, DISTRIBUTION, ETC. (IMPRINT) | |
| Place of publication, distribution, etc | Allahabad |
| Name of publisher, distributor, etc | Control Pub. House |
| Date of publication, distribution, etc | 2007 |
| 300 ## - PHYSICAL DESCRIPTION | |
| Extent | 996. |
| 942 ## - ADDED ENTRY ELEMENTS (KOHA) | |
| Source of classification or shelving scheme | Dewey Decimal Classification |
| Koha item type | Text Books |
| Withdrawn status | Lost status | Source of classification or shelving scheme | Damaged status | Not for loan | Collection code | Home library | Current library | Date acquired | Source of acquisition | Cost, normal purchase price | Bill Number | Total Checkouts | Full call number | Acc. no. / Barcode | Date last seen | Bill Date | Koha item type | Date last borrowed | Actual Cost, discounted price |
|---|---|---|---|---|---|---|---|---|---|---|---|---|---|---|---|---|---|---|---|
| Dewey Decimal Classification | B.Tech(ME) | PIET C-LIBRARY | PIET C-LIBRARY | 08/11/2008 | J B C, New Delhi | 290.00 | SI-4274 | 621.4021 YAA | 10129 | 04/12/2019 | 27/10/2008 | Text Books | |||||||
| Dewey Decimal Classification | B.Tech(ME) | PIET C-LIBRARY | PIET C-LIBRARY | 08/11/2008 | J B C, New Delhi | 290.00 | SI-4274 | 621.4021 YAA | 10130 | 04/12/2019 | 27/10/2008 | Text Books | |||||||
| Dewey Decimal Classification | B.Tech(ME) | PIET C-LIBRARY | PIET C-LIBRARY | 08/11/2008 | J B C, New Delhi | 290.00 | SI-4274 | 621.4021 YAA | 10131 | 04/12/2019 | 27/10/2008 | Text Books | |||||||
| Dewey Decimal Classification | B.Tech(ME) | PIET C-LIBRARY | PIET C-LIBRARY | 08/11/2008 | J B C, New Delhi | 290.00 | SI-4274 | 621.4021 YAA | 10132 | 04/12/2019 | 27/10/2008 | Text Books | |||||||
| Dewey Decimal Classification | B.Tech(ME) | PIET C-LIBRARY | PIET C-LIBRARY | 08/11/2008 | J B C, New Delhi | 290.00 | SI-4274 | 621.4021 YAA | 10133 | 04/12/2019 | 27/10/2008 | Text Books | |||||||
| Dewey Decimal Classification | B.Tech(ME) | PIET C-LIBRARY | PIET C-LIBRARY | 08/11/2008 | J B C, New Delhi | 290.00 | SI-4274 | 1 | 621.4021 YAA | 10134 | 25/06/2024 | 27/10/2008 | Text Books | 05/06/2024 | |||||
| Dewey Decimal Classification | B.Tech(ME) | PIET C-LIBRARY | PIET C-LIBRARY | 08/11/2008 | J B C, New Delhi | 290.00 | SI-4274 | 621.4021 YAA | 10135 | 04/12/2019 | 27/10/2008 | Text Books | |||||||
| Dewey Decimal Classification | B.Tech(ME) | PIET C-LIBRARY | PIET C-LIBRARY | 08/11/2008 | J B C, New Delhi | 290.00 | SI-4274 | 1 | 621.4021 YAA | 10136 | 05/02/2020 | 27/10/2008 | Text Books | 20/01/2020 | |||||
| Dewey Decimal Classification | B.Tech(ME) | PIET C-LIBRARY | PIET C-LIBRARY | 20/01/2015 | KIRTI PRAKASHAN, NEW DELHI | 340.00 | IN2083 | 3 | 621.4021 YAA | 25100 | 18/06/2025 | 12/01/2015 | Text Books | 03/06/2025 | 272.00 |